[Event "HUN Youth Ch U10 Boys Final"]
[Site "?"]
[Date "2013.06.26"]
[Round "6.5"]
[White "Gaspar, Lehel"]
[Black "Pribelszky, Bence"]
[Result "0-1"]
[WhiteElo "1422"]
[BlackElo "1734"]
[PlyCount "144"]
[EventDate "2013.??.??"]

1. e4 c5 2. Nf3 d6 3. c4 Nc6 4. d4 cxd4 5. Nxd4 Nf6 6. Nc3 g6 7. Be3 Bg7 8. Be2
O-O 9. O-O Bd7 10. Qd2 Nxd4 11. Bxd4 Bc6 12. Bd3 Nd7 13. Bxg7 Kxg7 14. f4 Nc5
15. b3 a5 16. Kh1 f5 17. exf5 gxf5 18. Bc2 Qd7 19. Qd4+ Kg8 20. Nd5 Bxd5 21.
Qxd5+ e6 22. Qf3 Rf6 23. Rf2 Qc7 24. a4 Ra6 25. Qe3 Rf7 26. Rf3 Rb6 27. Rb1 Rb4
28. Qe2 Qd8 29. Rg3+ Rg7 30. Rxg7+ Kxg7 31. Qd2 Kf7 32. Qd4 Qf8 33. Kg1 Ke7 34.
Rd1 Rb6 35. Qe3 Qf6 36. Rb1 Kd7 37. Qh3 Qg7 38. Qe3 Rb4 39. h3 Qf6 40. Kh1 Kc7
41. Kg1 Kd7 42. Kh1 h5 43. Kh2 h4 44. Kg1 Rb6 45. Kh2 Ra6 46. Kh1 Ra8 47. Kh2
Rg8 48. Qd2 Qg7 49. Rd1 Qg3+ 50. Kh1 Kc8 51. Rg1 Rd8 52. Qxa5 Nxb3 53. Bxb3
Qxb3 54. Qb5 Qxb5 55. axb5 Kd7 56. Rd1 Rc8 57. Rd4 Rc5 58. Kg1 d5 59. Kf2 Rxc4
60. Rxc4 dxc4 61. Ke3 Kd6 62. Kd4 c3 63. Kxc3 Kc5 64. b6 Kxb6 65. Kb4 Kc6 66.
Kc4 b5+ 67. Kb4 Kb6 68. Kb3 Kc5 69. Kc3 b4+ 70. Kb3 Kb5 71. Ka2 Kc4 72. Kb1 Kb3
0-1

[Event "HUN Youth Ch U10 Boys Final"]
[Site "?"]
[Date "2013.06.27"]
[Round "7.1"]
[White "Pribelszky, Bence"]
[Black "Palczert, Botond"]
[Result "1-0"]
[WhiteElo "1734"]
[BlackElo "1312"]
[PlyCount "41"]
[EventDate "2013.??.??"]

1. e4 e5 2. Nf3 Nc6 3. Bc4 Bc5 4. c3 Nf6 5. d3 a6 6. Bb3 d6 7. Nbd2 Qe7 8. Nf1
h6 9. a4 Ba7 10. h3 Bd7 11. Qe2 Na5 12. Bc2 Nc6 13. g4 g5 14. Ng3 O-O-O 15. b4
Rhe8 16. Ba3 Be6 17. Nd2 Qd7 18. Nf5 Bxf5 19. gxf5 d5 20. Rb1 Nh5 21. Qxh5 1-0

[Event "HUN Youth Ch U10 Boys Final"]
[Site "?"]
[Date "2013.06.27"]
[Round "7.2"]
[White "Hegedus, Dominik"]
[Black "Gaspar, Lehel"]
[Result "1-0"]
[WhiteElo "1608"]
[BlackElo "1422"]
[PlyCount "77"]
[EventDate "2013.??.??"]

1. e4 e5 2. Nf3 Nc6 3. Bc4 Bc5 4. Nc3 Nf6 5. O-O O-O 6. d3 h6 7. Be3 Bb6 8. Nd5
Nxd5 9. exd5 Ne7 10. Bxb6 axb6 11. Nxe5 d6 12. Nf3 Ng6 13. h3 Qf6 14. c3 Ne5
15. Nxe5 Qxe5 16. Qf3 Bd7 17. d4 Qg5 18. Qe3 Qf6 19. Bd3 Rae8 20. Qg3 Re7 21.
Rfe1 Rfe8 22. Rxe7 Rxe7 23. f3 Re3 24. Be4 Qg5 25. Qxg5 hxg5 26. Kf2 Rxe4 27.
fxe4 f6 28. a4 Kf7 29. b4 Ke7 30. a5 bxa5 31. Rxa5 b6 32. Ra7 Kd8 33. c4 Be8
34. c5 Bd7 35. Ra8+ Ke7 36. c6 Be8 37. Rc8 g6 38. Rxc7+ Kd8 39. Rh7 1-0

[Event "HUN Youth Ch U10 Boys Final"]
[Site "?"]
[Date "2013.06.27"]
[Round "7.3"]
[White "Krstulovic, Alex"]
[Black "Diller, Denis"]
[Result "1-0"]
[WhiteElo "1983"]
[BlackElo "1612"]
[PlyCount "81"]
[EventDate "2013.??.??"]

1. c4 Nf6 2. Nf3 e6 3. d4 c5 4. d5 b5 5. dxe6 fxe6 6. cxb5 d5 7. Bg5 Bd6 8. e3
Bb7 9. Nc3 Nbd7 10. Bc4 Ne5 11. Bb3 Rb8 12. Nxe5 Bxe5 13. O-O O-O 14. e4 c4 15.
Bc2 d4 16. f4 dxc3 17. Qxd8 Rbxd8 18. fxe5 h6 19. Bh4 g5 20. exf6 Rd2 21. Be1
Rxc2 22. Bxc3 Bxe4 23. Rf2 Rxf2 24. Kxf2 Rd8 25. Re1 Bf5 26. Re5 Rc8 27. Bd4
Rd8 28. Bxa7 Rd2+ 29. Re2 Rd7 30. b6 Rf7 31. a4 Rxf6 32. Ke1 Rf7 33. a5 Bd3 34.
Rf2 c3 35. bxc3 Rb7 36. Rd2 Ba6 37. Rd8+ Kg7 38. Kd2 Kf7 39. Ke3 Ke7 40. Rh8
Kd6 41. Rxh6 1-0

[Event "HUN Youth Ch U10 Boys Final"]
[Site "?"]
[Date "2013.06.27"]
[Round "7.4"]
[White "Karacsonyi, Gellert"]
[Black "Kovacsy, Barnabas"]
[Result "1-0"]
[WhiteElo "1687"]
[BlackElo "1518"]
[PlyCount "131"]
[EventDate "2013.??.??"]

1. d4 Nf6 2. c4 g6 3. Nc3 d5 4. h4 c6 5. Bg5 Bg7 6. e3 Bf5 7. Bxf6 Bxf6 8. cxd5
cxd5 9. Qb3 Qd7 10. Qxd5 Qxd5 11. Nxd5 Kd8 12. Rc1 Nc6 13. Nxf6 exf6 14. a3 Re8
15. Bb5 Bd7 16. Nf3 a6 17. Bc4 Re7 18. d5 Ne5 19. d6 Re8 20. Nxe5 Rxe5 21. Bxf7
Bc6 22. O-O Kd7 23. Rfd1 Rf8 24. Ba2 Rh5 25. Rd4 g5 26. g3 f5 27. Rc5 Rh6 28.
Re5 Be4 29. Re7+ Kd8 30. f3 Bxf3 31. hxg5 Rh1+ 32. Kf2 Bc6 33. Rh4 Rc1 34.
Rexh7 Rc2+ 35. Ke1 Rxb2 36. Bc4 Rg2 37. g6 Rxg3 38. g7 Re8 39. g8=Q Rexg8 40.
Bxg8 Rxg8 41. Rf7 Re8 42. Kf2 Be4 43. Rh6 Rg8 44. Re7 Re8 45. Rc7 Rg8 46. Re6
Rg2+ 47. Kf1 Rc2 48. Rxe4 Rxc7 49. dxc7+ Kxc7 50. Rf4 b5 51. Rxf5 Kc6 52. e4 a5
53. Rd5 b4 54. axb4 axb4 55. Rd1 b3 56. e5 b2 57. e6 b1=Q 58. Rxb1 Kd6 59. Re1
Ke7 60. Kf2 Kd8 61. e7+ Kc7 62. e8=Q Kd6 63. Rd1+ Kc7 64. Qd7+ Kb8 65. Rb1+ Ka8
66. Qb7# 1-0

[Event "HUN Youth Ch U10 Boys Final"]
[Site "?"]
[Date "2013.06.28"]
[Round "8.3"]
[White "Diller, Denis"]
[Black "Karacsonyi, Gellert"]
[Result "1-0"]
[WhiteElo "1612"]
[BlackElo "1687"]
[PlyCount "113"]
[EventDate "2013.??.??"]

1. Nf3 d6 2. d4 Bg4 3. c4 Nd7 4. Bf4 c6 5. h3 Bh5 6. Nbd2 e6 7. g4 Bg6 8. h4 h5
9. g5 d5 10. Bh3 Ne7 11. Ne5 Nxe5 12. Bxe5 Nf5 13. Bxf5 Bxf5 14. Qb3 Qd7 15.
Rc1 Rg8 16. Rg1 Be7 17. f3 Bd6 18. f4 Rb8 19. Nf3 dxc4 20. Qxc4 Bg4 21. Nd2 Bf5
22. Qc3 Bxe5 23. dxe5 Rd8 24. Nc4 Qd4 25. Qxd4 Rxd4 26. Nd6+ Ke7 27. e3 Rb4 28.
Rg2 Be4 29. Rd2 Bd5 30. a3 Rb3 31. Kf2 f6 32. e4 fxe5 33. fxe5 Rf8+ 34. Kg2
Rff3 35. Rc3 Rfxc3 36. bxc3 Bxe4+ 37. Nxe4 Rxa3 38. Rf2 a5 39. g6 a4 40. Rf7+
Kd8 41. Rxg7 c5 42. Rf7 Ra2+ 43. Kg3 Ra1 44. g7 Rg1+ 45. Kh2 Rxg7 46. Rxg7 b5
47. Nxc5 a3 48. Rg2 b4 49. cxb4 a2 50. Rxa2 Kc8 51. b5 Kd8 52. b6 Ke8 53. b7
Ke7 54. b8=Q Kf7 55. Rf2+ Ke7 56. Qd6+ Ke8 57. Rf8# 1-0

[Event "HUN Youth Ch U10 Boys Final"]
[Site "?"]
[Date "2013.06.28"]
[Round "8.4"]
[White "Gaspar, Lehel"]
[Black "Krstulovic, Alex"]
[Result "0-1"]
[WhiteElo "1422"]
[BlackElo "1983"]
[PlyCount "98"]
[EventDate "2013.??.??"]

1. e4 c5 2. Nf3 d6 3. c4 e5 4. d3 Nc6 5. Be2 g6 6. Nbd2 Bg7 7. O-O Nge7 8. Re1
O-O 9. Nf1 h6 10. Ng3 Be6 11. Bd2 f5 12. Bc3 Nd4 13. Bxd4 cxd4 14. Rc1 Nc6 15.
a3 a5 16. Qc2 b6 17. Bd1 f4 18. Nf1 g5 19. Qe2 g4 20. N3d2 f3 21. gxf3 gxf3 22.
Nxf3 Rxf3 23. Qxf3 Qg5+ 24. Qg3 Qxc1 25. Qg6 Qg5+ 26. Qxg5 hxg5 27. Ng3 Rf8 28.
Kg2 Ne7 29. Bh5 Bf7 30. Bxf7+ Rxf7 31. Ne2 Ng6 32. Rd1 Nf4+ 33. Nxf4 gxf4 34.
f3 Bf6 35. Rg1 Rg7+ 36. Kf1 Rxg1+ 37. Kxg1 a4 38. Kg2 Kg7 39. Kh3 Kg6 40. Kg4
Bg7 41. Kh3 Kh5 42. Kg2 Bf6 43. Kf1 Bh4 44. Ke2 Bg3 45. hxg3 fxg3 46. Kf1 Kg5
47. Kg1 Kf4 48. Kg2 Ke3 49. Kxg3 Kxd3 0-1

[Event "HUN Youth Ch U10 Boys Final"]
[Site "?"]
[Date "2013.06.28"]
[Round "8.5"]
[White "Pribelszky, Bence"]
[Black "Hegedus, Dominik"]
[Result "1-0"]
[WhiteElo "1734"]
[BlackElo "1608"]
[PlyCount "69"]
[EventDate "2013.??.??"]

1. e4 c5 2. Nf3 e6 3. d4 cxd4 4. Nxd4 Nf6 5. Bd3 d6 6. c4 b6 7. O-O Bb7 8. Nc3
Be7 9. f4 Nbd7 10. Qe2 Qc7 11. Kh1 a6 12. Bd2 Rc8 13. Rae1 e5 14. Nf5 Nc5 15.
Nxg7+ Kd8 16. Nf5 Nxd3 17. Qxd3 Qxc4 18. Qxc4 Rxc4 19. Nxe7 Kxe7 20. fxe5 dxe5
21. Bg5 Rg8 22. Bxf6+ Ke6 23. Rf5 Rgc8 24. Ref1 R8c5 25. Bd8 Bxe4 26. Rxf7 Rxc3
27. bxc3 Rxc3 28. R7f6+ Kd5 29. Bxb6 Rc2 30. R6f2 Rc3 31. Re1 Rc6 32. Rd2+ Ke6
33. Rxe4 Rxb6 34. g4 Rb1+ 35. Kg2 1-0

[Event "HUN Youth Ch U10 Boys Final"]
[Site "?"]
[Date "2013.06.29"]
[Round "9.1"]
[White "Hegedus, Dominik"]
[Black "Palczert, Botond"]
[Result "1-0"]
[WhiteElo "1608"]
[BlackElo "1312"]
[PlyCount "175"]
[EventDate "2013.??.??"]

1. e4 c5 2. Nf3 Nc6 3. d4 cxd4 4. Nxd4 g6 5. c4 Nf6 6. Nc3 Nxd4 7. Qxd4 d6 8.
Be2 Bg7 9. Be3 O-O 10. Qd2 Be6 11. Rc1 Qa5 12. b3 Rac8 13. O-O Rfe8 14. f3 Nd7
15. Bd4 Bxd4+ 16. Qxd4 Nc5 17. Rb1 Qb6 18. Kh1 Red8 19. Nd5 Bxd5 20. exd5 Nd7
21. Qh4 Nf6 22. Qg5 Qd4 23. Rbd1 Qc5 24. Bd3 Kg7 25. Rfe1 e6 26. Qg3 exd5 27.
cxd5 Nxd5 28. Bc4 Ne3 29. Rc1 Nf5 30. Red1 d5 31. Bd3 Qd6 32. Qg4 Rxc1 33. Rxc1
Ne3 34. Qd4+ Kg8 35. Qxe3 d4 36. Qe4 Qa3 37. Re1 Qxa2 38. Qxb7 Qd2 39. Qe4 Rc8
40. h3 Rc3 41. Qe8+ Kg7 42. Re7 Rc1+ 43. Kh2 Qf4+ 44. g3 Qxf3 45. Rxf7+ Qxf7
46. Qe5+ Qf6 47. Qe2 Qc6 48. Qe7+ Kg8 49. Be4 Qc5 50. Qe6+ Kf8 51. Qf6+ Ke8 52.
Qe6+ Qe7 53. Qg8+ Kd7 54. Qd5+ Qd6 55. Qf7+ Kd8 56. Qg8+ Kc7 57. Qf7+ Kc8 58.
Qe8+ Qd8 59. Qe6+ Qd7 60. Qa6+ Kd8 61. Qa5+ Rc7 62. Qg5+ Ke8 63. Qe5+ Qe7 64.
Qh8+ Qf8 65. Qe5+ Re7 66. Bc6+ Kf7 67. Bd5+ Re6 68. Bxe6+ Ke7 69. Bd5+ Kd7 70.
Qe6+ Kd8 71. Qe1 Qc5 72. Bc4 Qf5 73. g4 Qg5 74. Qf2 Qe5+ 75. Qg3 Qg5 76. Qd6+
Ke8 77. Qxd4 Qa5 78. Qe4+ Kf8 79. Qf4+ Ke8 80. b4 Qa4 81. Qe5+ Kd8 82. Qd6+ Ke8
83. Qe6+ Kd8 84. Qd5+ Ke7 85. Qc5+ Kf6 86. g5+ Kg7 87. Qe7+ Kh8 88. Qf6# 1-0

[Event "HUN Youth Ch U10 Boys Final"]
[Site "?"]
[Date "2013.06.29"]
[Round "9.2"]
[White "Krstulovic, Alex"]
[Black "Pribelszky, Bence"]
[Result "1/2-1/2"]
[WhiteElo "1983"]
[BlackElo "1734"]
[PlyCount "98"]
[EventDate "2013.??.??"]

1. Nf3 Nf6 2. c4 e6 3. g3 b6 4. d4 Bb7 5. Bg2 Be7 6. O-O d6 7. Nc3 Nbd7 8. Qc2
O-O 9. e4 e5 10. Rd1 exd4 11. Nxd4 Qc8 12. h3 a5 13. Be3 Nc5 14. a3 Nfd7 15. b4
Ne6 16. Nf5 Bf6 17. Nb5 Ba6 18. Nbd4 Ne5 19. b5 Bb7 20. f4 Nd7 21. g4 Qe8 22.
e5 Bxg2 23. exf6 Bb7 24. Nxe6 fxe6 25. fxg7 Rf6 26. Ng3 e5 27. f5 e4 28. Qc3
Ne5 29. g5 Nf3+ 30. Kf2 Rf7 31. Nh5 Rxf5 32. Nf6+ Rxf6 33. Qxf6 Qh5 34. Kg3 Re8
35. Rh1 Qh4+ 36. Kg2 Bc8 37. Qh6 Be6 38. Rac1 Qxh6 39. gxh6 Ne5 40. Bd4 Nxc4
41. Rhf1 d5 42. Rf6 Bf7 43. Rcf1 Re7 44. Kf2 e3+ 45. Ke2 Nxa3 46. Bc5 bxc5 47.
Ra6 Re8 48. Raf6 Re7 49. Ra6 Re8 1/2-1/2

[Event "HUN Youth Ch U10 Boys Final"]
[Site "?"]
[Date "2013.06.29"]
[Round "9.3"]
[White "Karacsonyi, Gellert"]
[Black "Gaspar, Lehel"]
[Result "1-0"]
[WhiteElo "1687"]
[BlackElo "1422"]
[PlyCount "63"]
[EventDate "2013.??.??"]

1. e4 e5 2. Nf3 Nc6 3. Bb5 Bc5 4. c3 Qe7 5. O-O Nf6 6. d4 Bb6 7. a4 a6 8. Bxc6
dxc6 9. Nxe5 O-O 10. Bg5 h6 11. Bxf6 Qxf6 12. Nd2 c5 13. Ndc4 Be6 14. d5 Rad8
15. Qb3 Bc8 16. Rad1 Ba7 17. Nd3 Rfe8 18. e5 Qg6 19. d6 cxd6 20. Nxd6 Rxd6 21.
exd6 Qxd6 22. Qc2 Bf5 23. Ne1 Qg6 24. Qb3 Bh3 25. Qxb7 Bb8 26. Qd5 Re5 27. Qf3
Bg4 28. Rd8+ Kh7 29. Qd3 Qxd3 30. Nxd3 Bc7 31. Nxe5 Bxd8 32. Nxg4 1-0

[Event "HUN Youth Ch U10 Boys Final"]
[Site "?"]
[Date "2013.06.29"]
[Round "9.5"]
[White "Vagner, Gergo"]
[Black "Kovacsy, Barnabas"]
[Result "1/2-1/2"]
[WhiteElo "1578"]
[BlackElo "1518"]
[PlyCount "91"]
[EventDate "2013.??.??"]

1. d4 Nf6 2. c4 g6 3. Nc3 d5 4. e3 Bg7 5. Nf3 O-O 6. Be2 dxc4 7. Bxc4 c5 8. O-O
Nc6 9. dxc5 Qa5 10. Bb3 Qxc5 11. Qe2 Bg4 12. h3 Bf5 13. Bc2 Bxc2 14. Qxc2 Rfd8
15. Rd1 Rxd1+ 16. Qxd1 Rd8 17. Qe2 Nd5 18. Nxd5 Qxd5 19. Qd2 Qc5 20. Qe2 Qb4
21. Rb1 Qe4 22. Ra1 Nd4 23. Nxd4 Bxd4 24. Qc4 Be5 25. Qe2 Qa4 26. b3 Qd7 27.
Bb2 Bd6 28. Bd4 Bb8 29. Rc1 b6 30. Kh1 Qd6 31. f4 Qe6 32. Qf3 Rc8 33. Rxc8+
Qxc8 34. Qa8 Qf8 35. Qb7 Qd8 36. Kg1 Qc7 37. Qxc7 Bxc7 38. Kf2 f6 39. Kf3 Kf7
40. g4 Ke6 41. Ke4 Bd6 42. a4 Bb4 43. Bb2 Kd6 44. Kd4 Bc5+ 45. Kd3 a5 46. e4
1/2-1/2

[Event "HUN Youth Ch U12 Boys Final"]
[Site "?"]
[Date "2013.06.21"]
[Round "1.1"]
[White "Matos, Balint"]
[Black "Havasi, Gergo"]
[Result "0-1"]
[WhiteElo "1687"]
[BlackElo "2097"]
[PlyCount "95"]
[EventDate "2013.??.??"]

1. c4 g6 2. g3 Bg7 3. Bg2 e5 4. Nc3 Nc6 5. d3 d6 6. e4 f5 7. f4 Nf6 8. Nge2 O-O
9. O-O Be6 10. a3 fxe4 11. Nxe4 Nxe4 12. Bxe4 d5 13. cxd5 Bxd5 14. Nc3 Bxe4 15.
dxe4 Qxd1 16. Rxd1 exf4 17. Bxf4 Bxc3 18. bxc3 Rf7 19. Rd2 Re8 20. Re1 g5 21.
Bxg5 Ne5 22. Rd5 Nf3+ 23. Kf2 Nxg5+ 24. Ke3 Rxe4+ 25. Kd2 Nf3+ 26. Kd3 Rxe1 27.
Kc2 c6 28. Rd8+ Kg7 29. h3 Ne5 30. Rd2 Nc4 31. Rd4 Rf2+ 32. Kb3 b5 33. Kb4 c5+
34. Kxc5 Re5+ 35. Kc6 Rf6+ 36. Kc7 Re7+ 37. Rd7 Rxd7+ 38. Kxd7 Nxa3 39. Kc7 a5
40. g4 b4 41. cxb4 axb4 42. g5 Rg6 43. h4 b3 44. h5 Rxg5 45. Kc6 b2 46. h6+
Kxh6 47. Kc7 b1=Q 48. Kd7 0-1

[Event "HUN Youth Ch U12 Boys Final"]
[Site "Balatonlelle"]
[Date "2013.06.21"]
[Round "1.2"]
[White "Kozak, Adam"]
[Black "Czina, Peter"]
[Result "1-0"]
[WhiteElo "2147"]
[BlackElo "1767"]
[PlyCount "133"]
[EventDate "2013.??.??"]

1. d4 Nf6 2. c4 c5 3. d5 b5 4. Qc2 d6 5. e4 bxc4 6. Nc3 g6 7. Nf3 Bg7 8. Bxc4
O-O 9. O-O Ba6 10. Nb5 Bxb5 11. Bxb5 Qa5 12. Bc4 Nbd7 13. Bd2 Qb6 14. h3 Rab8
15. Rab1 Rfc8 16. b3 Ne8 17. Rfe1 Nc7 18. a4 a5 19. Bf4 Na6 20. e5 Nb4 21. Qe2
dxe5 22. Nxe5 Nxe5 23. Bxe5 Rb7 24. Bf4 Qf6 25. Qg4 Qf5 26. Qxf5 gxf5 27. Bg5
Kf8 28. Re2 Rd8 29. Rd1 Bd4 30. Bh6+ Kg8 31. Bd2 Kf8 32. Rde1 Bf6 33. Bh6+ Kg8
34. Be3 Rc7 35. Bf4 Rb7 36. Be5 Kg7 37. Rd2 Bxe5 38. Rxe5 Kf6 39. f4 Rbd7 40.
Kh2 e6 41. d6 Rxd6 42. Rxd6 Rxd6 43. Rxc5 Nc6 44. Rb5 Rd7 45. g4 fxg4 46. hxg4
h6 47. Rb6 Rc7 48. Ra6 Ke7 49. Kg3 f6 50. Ra8 Kd6 51. Rf8 f5 52. gxf5 exf5 53.
Rxf5 Rg7+ 54. Kf2 Rh7 55. Kg3 Rg7+ 56. Kh4 Ke7 57. Rd5 Nd8 58. Rxa5 Kf6 59.
Ra6+ Kf5 60. Ra8 Nc6 61. Rf8+ Ke4 62. Kh5 Nd4 63. Kxh6 Rg3 64. a5 Nf5+ 65. Kh7
Rg7+ 66. Kh8 Rg6 67. Rxf5 1-0

[Event "HUN Youth Ch U12 Boys Final"]
[Site "?"]
[Date "2013.06.21"]
[Round "1.3"]
[White "Kovacs, Bence"]
[Black "Kokeny, Norbert Adrian"]
[Result "1/2-1/2"]
[WhiteElo "1865"]
[BlackElo "1782"]
[PlyCount "72"]
[EventDate "2013.??.??"]

1. e4 d6 2. d4 Nf6 3. Nc3 c6 4. Bg5 Nbd7 5. Qd2 Qc7 6. f4 e5 7. Nf3 Be7 8. f5
b5 9. Bd3 Bb7 10. a3 a6 11. dxe5 dxe5 12. Qf2 c5 13. Nd2 c4 14. Be2 Bc5 15. Be3
O-O-O 16. O-O Qb6 17. Bxc5 Qxc5 18. Qxc5+ Nxc5 19. Rad1 Nfxe4 20. Ncxe4 Nxe4
21. Nxe4 Bxe4 22. f6 g6 23. Bg4+ Kc7 24. Rde1 Bxc2 25. Rxe5 Rde8 26. Rfe1 Rxe5
27. Rxe5 Rf8 28. Re7+ Kb6 29. Kf2 g5 30. Bd7 h6 31. Be8 Bg6 32. Ke3 Kc5 33.
Re5+ Kd6 34. Re7 Kc5 35. Re5+ Kd6 36. Re7 Kc5 1/2-1/2

[Event "HUN Youth Ch U12 Boys Final"]
[Site "?"]
[Date "2013.06.21"]
[Round "1.4"]
[White "Vanczak, Tamas"]
[Black "Tubak, Daniel"]
[Result "1/2-1/2"]
[WhiteElo "1772"]
[BlackElo "1790"]
[PlyCount "120"]
[EventDate "2013.??.??"]

1. e4 e6 2. d4 d5 3. Nc3 Bb4 4. e5 c5 5. Bd2 Ne7 6. Nb5 Bxd2+ 7. Qxd2 O-O 8.
O-O-O a6 9. Nd6 cxd4 10. f4 Nbc6 11. Nf3 f6 12. Bd3 fxe5 13. fxe5 Nxe5 14. Nxe5
Qxd6 15. Qg5 Nf5 16. Rde1 Qe7 17. Qf4 Qh4 18. g4 Nd6 19. Qxd4 Qe7 20. Rhf1 Bd7
21. Rxf8+ Rxf8 22. Nxd7 Qxd7 23. Qe5 Re8 24. b3 Nf7 25. Qg3 e5 26. Bf5 Qd6 27.
Rd1 g6 28. Bd3 e4 29. Qxd6 Nxd6 30. Be2 Re5 31. Rd4 Kf7 32. Kd2 Ke6 33. Ke3 b5
34. a4 h5 35. h4 hxg4 36. Bxg4+ Nf5+ 37. Bxf5+ Rxf5 38. Rd1 bxa4 39. bxa4 Ke5
40. Rb1 Rf3+ 41. Ke2 d4 42. Rb6 Rf6 43. Rb8 Rc6 44. Kd1 Kf4 45. Rb3 e3 46. Rb8
Rd6 47. Ke2 Kg4 48. Rh8 Rc6 49. Kd1 Rc4 50. a5 Ra4 51. Rh6 Rxa5 52. Rxg6+ Kxh4
53. Ke2 Ra4 54. Kd3 a5 55. c3 dxc3 56. Kxe3 Rc4 57. Rg1 a4 58. Kd3 Rc8 59. Kc2
Rc5 60. Ra1 Rc4 1/2-1/2

[Event "HUN Youth Ch U12 Boys Final"]
[Site "?"]
[Date "2013.06.22"]
[Round "2.1"]
[White "Havasi, Gergo"]
[Black "Toth, Tamas"]
[Result "1/2-1/2"]
[WhiteElo "2097"]
[BlackElo "1877"]
[PlyCount "55"]
[EventDate "2013.??.??"]

1. e4 c5 2. Nf3 d6 3. d4 cxd4 4. Nxd4 Nf6 5. Nc3 g6 6. Be3 Bg7 7. f3 Nc6 8. Qd2
O-O 9. g4 Nxd4 10. Bxd4 Be6 11. h4 h5 12. gxh5 Nxh5 13. Bxg7 Kxg7 14. f4 Ng3
15. Rg1 Nxf1 16. Rxf1 Bg4 17. f5 e6 18. f6+ Kh7 19. Nd1 Qd7 20. Nf2 e5 21. Rg1
Bh5 22. Rg5 Rg8 23. Rg3 Qe6 24. Qg5 Qc4 25. Qd2 Qe6 26. Qg5 Qc4 27. Qd2 Qe6 28.
Qg5 1/2-1/2

[Event "HUN Youth Ch U12 Boys Final"]
[Site "?"]
[Date "2013.06.22"]
[Round "2.2"]
[White "Tubak, Daniel"]
[Black "Csetneki, Mark"]
[Result "1/2-1/2"]
[WhiteElo "1790"]
[BlackElo "1848"]
[PlyCount "66"]
[EventDate "2013.??.??"]

1. e4 e5 2. Nf3 Nc6 3. Bb5 a6 4. Ba4 d6 5. d4 b5 6. Bb3 Nxd4 7. Nxd4 exd4 8.
Qxd4 c5 9. Qd5 Be6 10. Qc6+ Bd7 11. Qd5 c4 12. Bxc4 bxc4 13. Qxc4 Nf6 14. Nc3
Be7 15. O-O O-O 16. Rd1 Be6 17. Qd4 Qc7 18. Bf4 Rfd8 19. Qd2 Qc6 20. Nd5 Bxd5
21. exd5 Qb5 22. b3 Ne4 23. Qe3 Nc3 24. Qxc3 Bf6 25. Qg3 Bxa1 26. c4 Qb4 27.
Rxa1 Re8 28. h3 Rad8 29. Bh6 g6 30. Bg5 Rd7 31. Bf6 Qd2 32. Bc3 Qc2 33. Qf3 f5
1/2-1/2

[Event "HUN Youth Ch U12 Boys Final"]
[Site "?"]
[Date "2013.06.22"]
[Round "2.3"]
[White "Kokeny, Norbert Adrian"]
[Black "Vanczak, Tamas"]
[Result "1-0"]
[WhiteElo "1782"]
[BlackElo "1772"]
[PlyCount "175"]
[EventDate "2013.??.??"]

1. d4 Nf6 2. Nf3 e6 3. Bf4 b6 4. e3 Bb7 5. Nbd2 d6 6. Bd3 Nbd7 7. h3 c5 8. c3
Be7 9. O-O O-O 10. Qe2 cxd4 11. exd4 Nd5 12. Bg3 N7f6 13. a3 Nh5 14. Qe4 g6 15.
Bh2 Qc7 16. Qe2 Nhf4 17. Bxf4 Nxf4 18. Qe3 Nxd3 19. Qxd3 Rac8 20. Rfe1 Rfe8 21.
Rac1 Bf8 22. Ne4 Bxe4 23. Qxe4 Bg7 24. Rc2 Rcd8 25. Rce2 Re7 26. Nd2 f5 27. Qh4
e5 28. Nc4 e4 29. d5 Rf7 30. Nd2 Bf6 31. Qg3 Qc5 32. c4 Be5 33. b4 Qc7 34. Qe3
Re8 35. Kh1 Qc8 36. Qb3 Ref8 37. f3 b5 38. cxb5 Rc7 39. fxe4 Rc3 40. Qa2 Rc2
41. Qb3 Rc3 42. Qa2 Rc2 43. Qb1 Bg3 44. Nf1 Rc3 45. Nxg3 Rxg3 46. exf5 Qxf5 47.
Qxf5 Rxf5 48. Re8+ Rf8 49. Rxf8+ Kxf8 50. Re6 Rxa3 51. Rxd6 Ke7 52. Ra6 Rd3 53.
Rxa7+ Kf6 54. Rd7 Rd4 55. b6 Rxb4 56. b7 h5 57. d6 Ke6 58. Rg7 Kxd6 59. Rxg6+
Ke5 60. Rg5+ Kf4 61. Rxh5 Rxb7 62. Kh2 Rb2 63. Rh7 Rc2 64. Rf7+ Kg5 65. Kg3 Ra2
66. h4+ Kh5 67. Rf5+ Kg6 68. Rg5+ Kh6 69. Kh3 Ra3+ 70. g3 Ra4 71. Rf5 Kg6 72.
Rf4 Ra3 73. Kg4 Ra6 74. h5+ Kh6 75. Kh4 Rb6 76. g4 Rb1 77. Rf6+ Kg7 78. Kg5 Rb4
79. h6+ Kh7 80. Kh5 Rb1 81. Rf7+ Kh8 82. Kg6 Rb8 83. g5 Rg8+ 84. Kh5 Rc8 85. g6
Rb8 86. Rf8+ Rxf8 87. g7+ Kg8 88. Kg6 1-0

[Event "HUN Youth Ch U12 Boys Final"]
[Site "?"]
[Date "2013.06.22"]
[Round "2.4"]
[White "Czina, Peter"]
[Black "Kovacs, Bence"]
[Result "1-0"]
[WhiteElo "1767"]
[BlackElo "1865"]
[PlyCount "71"]
[EventDate "2013.??.??"]

1. Nf3 d5 2. g3 c5 3. Bg2 Nc6 4. O-O e5 5. d3 Nf6 6. c4 d4 7. Bg5 Be7 8. e3 Nd7
9. Bxe7 Qxe7 10. exd4 cxd4 11. a3 a5 12. Nbd2 O-O 13. Re1 f5 14. Nxe5 Ndxe5 15.
f4 Qc7 16. fxe5 Nxe5 17. Nf3 Nc6 18. Qd2 a4 19. Qf4 Qxf4 20. gxf4 Rd8 21. Ng5
h6 22. Bd5+ Kh8 23. Nf7+ Kh7 24. Nxd8 Nxd8 25. Re8 Bd7 26. Re7 Bc6 27. Rae1
Bxd5 28. cxd5 Ra6 29. Rd7 Rg6+ 30. Kf2 Rb6 31. Re2 Rb3 32. Rxd8 Rxd3 33. d6 Rd1
34. d7 d3 35. Rh8+ Kg6 36. d8=Q 1-0

[Event "HUN Youth Ch U12 Boys Final"]
[Site "Balatonlelle"]
[Date "2013.06.22"]
[Round "2.5"]
[White "Matos, Balint"]
[Black "Kozak, Adam"]
[Result "1/2-1/2"]
[WhiteElo "1687"]
[BlackElo "2147"]
[PlyCount "60"]
[EventDate "2013.??.??"]

1. c4 c6 2. Nc3 d5 3. d4 e6 4. Nf3 Nf6 5. Bf4 Be7 6. e3 Nbd7 7. c5 Nh5 8. Bg3
Nxg3 9. hxg3 b6 10. b4 bxc5 11. bxc5 e5 12. Qc2 e4 13. Nd2 Nf6 14. Be2 Qc7 15.
Rb1 O-O 16. Nf1 Rb8 17. Rxb8 Qxb8 18. f3 Bf5 19. f4 Qb4 20. Nh2 Rb8 21. Kf2 Qb2
22. Qxb2 Rxb2 23. Rb1 Rc2 24. Rb3 Ng4+ 25. Nxg4 Bxg4 26. a4 Bf8 27. Ke1 Bxe2
28. Nxe2 Rc4 29. Nc3 g5 30. Kd2 h5 1/2-1/2

[Event "HUN Youth Ch U12 Boys Final"]
[Site "?"]
[Date "2013.06.23"]
[Round "3.1"]
[White "Kozak, Adam"]
[Black "Havasi, Gergo"]
[Result "0-1"]
[WhiteElo "2147"]
[BlackElo "2097"]
[PlyCount "80"]
[EventDate "2013.??.??"]

1. d4 Nf6 2. c4 g6 3. Nc3 Bg7 4. e4 d6 5. Nf3 O-O 6. Be2 e5 7. O-O Nc6 8. d5
Ne7 9. Be3 Ng4 10. Bd2 f5 11. Ng5 Nf6 12. c5 h6 13. cxd6 cxd6 14. Ne6 Bxe6 15.
dxe6 fxe4 16. Qb3 d5 17. Qxb7 Rb8 18. Qxa7 Rxb2 19. Bc1 Rb6 20. Rb1 Rxe6 21.
Rb7 Kh8 22. Bb5 Nc8 23. Qc5 Nd6 24. Rb6 d4 25. Na4 e3 26. Qc2 Nd5 27. Ra6 Nb4
28. Qb3 Nxa6 29. Qxe6 Nc7 30. Qxg6 Ncxb5 31. Nc5 exf2+ 32. Kh1 Qf6 33. Qg3 Qf5
34. Qh4 Kh7 35. a4 Nc3 36. Qe7 Nce4 37. Bxh6 Kxh6 38. Ne6 Rf7 39. Qh4+ Qh5 40.
Qd8 Ng3# 0-1

[Event "HUN Youth Ch U12 Boys Final"]
[Site "?"]
[Date "2013.06.23"]
[Round "3.2"]
[White "Kovacs, Bence"]
[Black "Matos, Balint"]
[Result "0-1"]
[WhiteElo "1865"]
[BlackElo "1687"]
[PlyCount "76"]
[EventDate "2013.??.??"]

1. e4 c5 2. Nf3 Nc6 3. d4 cxd4 4. Nxd4 g6 5. c4 Bg7 6. Be3 Nf6 7. Nc3 O-O 8.
Be2 d6 9. O-O Bd7 10. Rc1 Rc8 11. f3 Qb6 12. Nf5 Qxb2 13. Nxg7 Kxg7 14. f4 Qa3
15. Rf3 Qa5 16. Rg3 Kh8 17. c5 Qb4 18. Nd5 Qxe4 19. Nxf6 exf6 20. Rc4 Qe6 21.
f5 Qe8 22. Rh4 Bxf5 23. cxd6 Qd7 24. Bc5 Rfe8 25. Qd2 g5 26. Rc4 Re5 27. Re3
Rce8 28. Rxe5 Rxe5 29. h3 Be6 30. Rc2 Rd5 31. Qc3 Ne5 32. Ba3 Kg7 33. Bf3 Rd3
34. Qb2 Nc4 35. Rxc4 Bxc4 36. Be2 Rxa3 37. Bxc4 Qxd6 38. Qxb7 Qc5+ 0-1

[Event "HUN Youth Ch U12 Boys Final"]
[Site "?"]
[Date "2013.06.23"]
[Round "3.3"]
[White "Vanczak, Tamas"]
[Black "Czina, Peter"]
[Result "0-1"]
[WhiteElo "1772"]
[BlackElo "1767"]
[PlyCount "86"]
[EventDate "2013.??.??"]

1. e4 c5 2. Nf3 Nc6 3. d4 cxd4 4. Nxd4 g6 5. Nc3 Bg7 6. Be3 Nf6 7. Bc4 Qa5 8.
f3 Qb4 9. Bb3 Nxe4 10. Nxc6 Bxc3+ 11. bxc3 Qxc3+ 12. Ke2 dxc6 13. Bd4 e5 14.
fxe4 Qxd4 15. Qxd4 exd4 16. Kd3 c5 17. Bd5 Rb8 18. a4 b6 19. Rhb1 Be6 20. Bxe6
fxe6 21. Ra2 Kd7 22. Rab2 Kc6 23. Kc4 Rhf8 24. c3 dxc3 25. Kxc3 a6 26. Rd2 Rbd8
27. Rdb2 Rb8 28. Rd2 Kc7 29. e5 Rfd8 30. Rf2 Kc6 31. Rf7 Rd5 32. Re1 Rb7 33.
Rf6 Re7 34. g3 b5 35. axb5+ axb5 36. h4 b4+ 37. Kc2 Kb5 38. Re4 Red7 39. Re2
Ra7 40. Kb2 c4 41. Rf1 b3 42. Kb1 Kb4 43. g4 Rda5 0-1